| 000 | 01397ngm a22003250a 4500 | ||
|---|---|---|---|
| 001 | PT44547 | ||
| 003 | AR-LpoUNG | ||
| 005 | 20210201235947.0 | ||
| 007 | vd cvaizq | ||
| 008 | 191001s2008||||xxu|||||||||||||||||eng d | ||
| 040 |
_aAR-LpoUNG _bspa _cAR-LpoUNG _eaacr |
||
| 041 | _aeng | ||
| 044 | _axxu | ||
| 082 | 0 | _a302 128ado | |
| 100 | 1 |
_aSafdie, Joshua _edir. |
|
| 245 | 1 | 0 | _aMi adorable ladrona |
| 260 |
_aNew York : _bRed Bucket, _c2008. |
||
| 300 | _aDVD (70 min.) : son., col. | ||
| 505 | 0 | _aSubtitulos en español. - Elenco: Eléonore Hendricks, Joshua Safdie | |
| 520 | _aEléonore es una carterista, una artista y una ladrona. Ella puede robarte el bolso, el auto, un manojo de uvas o la litera del gato. Pero ella no roba por necesidad, simplemente por curiosidad o tal vez por la sensación que le produce el hecho. Desde los bares de moda de Lower East Side hasta las jaulas del Zoológico del central Park, Eléonore transita su vida tomando lo que puede de quienes pueden. Sus víctimas generalmente no perciben la presencia de ella pero cuando lo hacen solo pueden sonreír y agradecer que se haya cruzado en sus vidas. | ||
| 650 | 4 | _aCONFLICTOS | |
| 650 | 4 | _aRELACIONES HUMANAS | |
| 651 | 4 | _aDOCUMENTOS TEORICOS O METODOLOGICOS | |
| 653 | _aCINE | ||
| 653 | _aCINE ESTADOUNIDENSE | ||
| 653 | _aCOMEDIA | ||
| 653 | _aVIDEOS | ||
| 905 | _a44547 | ||
| 942 | _cDVD | ||
| 999 |
_c53859 _d53859 |
||